101 Movie 'E' Words Quiz Stats

 Plays Quiz Updated Oct 6, 2017

Challenge
Share
Tweet
Embed
Score 0/101 Timer 11:00
1 Play Today
% Correct
Edward
86.8%
Elm
86.8%
Extra
86.7%
Eleven
86.4%
Earth
86%
Eighty
85.5%
Encounters
84.7%
Endearment
84.3%
Ever
84%
Earring
83.7%
Eat
83.4%
Expect
82.1%
Evan
81.8%
Element
81.4%
Eden
81.3%
Eagle
80.7%
Every
80.2%
Excellent
79.9%
Each
79.8%
Eve
79.4%
Entering
79.4%
Extremely
79.3%
Engagement
79.2%
Extraordinary
78.8%
Ends
78.1%
Eternity
78.1%
Empty
77.9%
Enter
77.4%
Eyre
77.3%
Escape
77.2%
Episode
76.9%
Enough
76.2%
Eye
75.6%
Even
74.1%
% Correct
Eli
74%
Everything
73.3%
Elvis
72.4%
East
70.8%
Exhale
70%
Easy
68.9%
Elliot
67.6%
Earnest
67.6%
Ed
66.9%
Elephant
66.8%
Enemy
66.2%
Empire
64.5%
Extreme
64.1%
Early
63.9%
Ender's
63%
Egypt
62.9%
Elizabeth
62.8%
Exotic
61.4%
Event
61.3%
Exorcism
61%
Evidence
60.5%
Escaped
60.4%
Educating
59.8%
Ears
59%
Eiffel
58.5%
Edge
58.3%
Endless
58.2%
Ear
57.8%
Eight
57.4%
European
57.4%
End
57.3%
Express
55.4%
Europe's
55.1%
Everyone
54.2%
% Correct
English
53.7%
Ethan
50.8%
Einstein
50.7%
Effect
50.2%
Eddie
49.9%
Exit
49.7%
Europe
48.1%
Elmer
47%
Entre
45.6%
Evening
45.3%
Ernest
44.6%
Echoes
42.8%
Electric
41.7%
Education
40.3%
Elder
40.2%
Edison
37.6%
Eastern
37%
Eyes
35.9%
Executioner's
35.9%
Everybody's
33.6%
Errand
32.3%
Estate
30.7%
Evil
30.3%
Eating
29.7%
Elite
27.7%
England
26.8%
Emily
24.1%
Ensign
23.7%
Echo
23.4%
Ending
23.3%
Electra
21.8%
Enemies
13.7%
Exterminating
12.6%

You're not logged in!

Compare scores with friends on all Sporcle quizzes.
Join for Free
OR
Log In

You Might Also Like...

Show Comments

Extras

Top Quizzes Today


Score Distribution

Your Account Isn't Verified!

In order to create a playlist on Sporcle, you need to verify the email address you used during registration. Go to your Sporcle Settings to finish the process.

Report this User

Report this user for behavior that violates our Community Guidelines.

Details: